| 000 | 00465nam a2200169Ia 4500 | ||
|---|---|---|---|
| 003 | GCL | ||
| 008 | 140319s9999 xx 000 0 eng d | ||
| 040 |
_aGCL / _cGCL |
||
| 082 | 0 | 4 |
_a781.63 _bH P |
| 100 | 1 | _aHAMM, CHARLES | |
| 245 | 1 | 0 |
_aPUTTING POPULAR MUSIC IN ITS PLACE / _cHAMM, CHARLES |
| 260 |
_a[S.N] : _bCAMBRIBGE UNIVERSITY PRESS ، _c1995 |
||
| 300 | _a390 P | ||
| 650 | 0 | 4 | _aMUSIC |
| 650 | 0 | 4 | _aPOPULAR MUSIC - HISTORY AND CRITICISM |
| 942 |
_2ddc _cBK |
||
| 999 |
_c10795 _d10795 |
||